• 首页
  • 本馆介绍
  • 公告通知
  • 最新文献
  • 馆藏检索
  • 电子资源
  • 读者导购
  • 参考咨询
  • 我的图书馆
  • 登录
  • 详细信息显示
  • 放入我的书架
  • 预约/预借图书
  • 作者相关作品
  • 分类相关作品
  • 丛书相关作品
  • 出版社相关作品

书目信息

  • 表格格式
  • 工作单格式
  • 卡片格式
题名:
商业会计
    
 
作者: ;中华人民共和国商业部教育司
分册:  
出版信息: 不详   不详  1985
页数: 392页
开本: 20cm
丛书名:
单 册:
中图分类: F715.5
科图分类:
主题词: 商业经济--国内
电子资源:
ISBN:
000 00629nam0 2200193 450
001 0748024627
005 20070804161919.51
010    @d不详
100    @a20070803d1985 km y0chiy0120 ea
101 0  @achi
200 1  @a商业会计@Ashang ye kuai ji@f中华人民共和国商业部教育司@Fzhong hua ren min gong he guo shang ye bu jiao yu si
210    @a不详@c不详@d1985
215    @a392页@d20cm
300    @a商业部系统中等专业学校试用教材
606 0  @a商业经济@x国内
690    @aF715.5@v3
711 02 @a中华人民共和国商业部教育司@Azhong hua ren min gong he guo shang ye bu jiao yu si
801  0 @aCN@bPFT@c20070804
905    @a10447@dF715.5@e384
    
    商业会计/中华人民共和国商业部教育司.-不详:不详,1985
    392页;20cm
    商业部系统中等专业学校试用教材
    
    ISBN :不详
    
●
相关链接 在E读中查询图书 在五车中查询图书 在当当中查询图书 在豆瓣中查询图书


正题名:商业会计     索取号:F715.5/384         预约/预借

序号 登录号 条形码 馆藏地/架位号 状态 备注
1 0791280   207912801   密集书库/ [索取号:F715.5/384] 在馆    
2 0791530   207915309   第一样本阅览室/ [索取号:F715.5/384] 在馆    
唐山师范学院图书馆 欢迎您!
大连网信软件有限公司© 版权所有